[Event "Biel GM"]
[Site "Biel"]
[Date "2007.07.28"]
[Round "5"]
[White "Bu, Xiangzhi"]
[Black "Motylev, Alexander"]
[Result "1-0"]
[WhiteElo "2685"]
[BlackElo "2648"]
[Annotator "Krasenkow,M"]
[PlyCount "77"]
[EventDate "2007.07.23"]
[EventType "tourn"]
[EventRounds "9"]
[EventCountry "SUI"]
[EventCategory "18"]
[SourceTitle "CBM 120"]
[Source "ChessBase"]
[SourceDate "2007.10.02"]
[SourceVersion "1"]
[SourceVersionDate "2007.10.02"]
[SourceQuality "1"]

1. Nf3 d5 2. d4 Nf6 3. c4 c6 4. Qc2 dxc4 5. Qxc4 {Quite a harmless system, in
which Black should equalize; it doesn't mean, however, that White can't
outplay him at a later stage of the game!} Bf5 6. g3 e6 7. Bg2 Be7 8. O-O O-O
9. Nc3 {The other plan (with this knight development to d2) is not too
promising either.} Nbd7 10. Re1 Bg6 {A sensible deviation from the main
theoretical line} (10... Ne4 11. Qb3 Qb6 12. Nh4) 11. e4 {The point is that} (
11. Nh4 $2 {just loses a pawn without sufficient compensation after} Nb6 12.
Qb3 Qxd4 {, e.g.} 13. Nxg6 hxg6 14. Qc2 Rad8 15. Be3 Qe5 16. Bf4 Qa5 17. a3
Nbd5 18. b4 Qa6 19. Bd2 Nxc3 20. Bxc3 Nd5 21. Bd2 Bf6 {0-1 Sakaev,K-Cheparinov,
I/Dresden 2007/CBM 118 (35)}) 11... b5 $1 {The most logical continuation -
Black must make use of the exposed position of the white queen. The other
moves seen in practice:} (11... h6 12. Qb3 (12. Bf4 $5) 12... Qb6 13. Qxb6 axb6
14. d5 $6 Bb4 {and Black, after White's inaccuracies, got an excellent
position:} 15. dxe6 fxe6 16. Nh4 Bh7 17. Bh3 Nc5 18. f3 Kf7 19. Be3 Nd3 20.
Reb1 g5 $15 {1-0 Georgiev,V-Ris,R/Neuhausen GER 2007/The Week in Chess 657 (66)
}) (11... Re8 $6 12. Bf4 a6 13. Rad1 Qc8 14. Qe2 b5 15. Nh4 Nb6 (15... Bh5 $142
16. f3 c5) 16. Nxg6 hxg6 17. Rc1 Qb7 18. Red1 Rac8 19. h4 Red8 20. Bh3 Ne8 21.
b3 Bd6 22. Bg5 Be7 23. Be3 Rc7 24. Nb1 Nf6 25. Nd2 Ne8 26. Nf3 Nd7 27. Bf4 Rcc8
28. d5 $1 {1-0 Wojtkiewicz,A-Kalbermatter,P/Bern 1991/CBM 021 ext (33)}) (11...
c5 $5 {was played two days earlier in the women's part of the match. Black
gradually equalized:} 12. dxc5 Bxc5 13. e5 Rc8 14. Qh4 Nd5 15. Nxd5 exd5 16.
Qxd8 Rfxd8 17. Bg5 (17. Nh4 $5) 17... f6 18. exf6 gxf6 19. Bf4 Be4 20. Nh4 Bxg2
21. Kxg2 Bb4 22. Red1 Ne5 23. Nf5 Kf7 24. Rac1 Rc6 25. Nd4 Rxc1 26. Rxc1 Ba5
27. Rd1 Bb6 {1/2-1/2 Shen Yang-Korbut,E/Nizhniy Novgorod RUS 2007/The Week in
Chess 668 (44)}) 12. Qxc6 ({After} 12. Qe2 {White loses a pawn but obtains
some compensation:} b4 13. e5 bxc3 14. exf6 cxb2 15. Bxb2 gxf6 $5 (15... Bxf6 {
is normal}) 16. Rac1 Rc8 17. Nd2 Qb6 18. Nc4 Qb5 19. a4 Qxa4 20. Ra1 Qc2 21.
Qxc2 Bxc2 22. Rec1 Bd3 23. Rxa7 Rfd8 24. Na5 Ra8 25. Rxa8 Rxa8 26. Nxc6 Ra2 27.
Nxe7+ Kf8 28. Bc3 Kxe7 29. Bb4+ Kd8 {1/2-1/2 Georgiev,V-Feller,S/Differdange
LUX 2007/The Week in Chess 622 (60)}) 12... b4 13. e5 Rc8 (13... bxc3 {is
apparently enough for equality:} 14. exf6 cxb2 15. fxe7 (15. Bxb2 Nxf6 16. Ne5
Rb8 $1) 15... bxa1=Q 16. exd8=Q Raxd8 17. Bg5 Qb2 18. Bxd8 Rxd8 19. d5 Nf8 {
1/2-1/2 Gurevich,M-Vallejo Pons,F/Torrelavega 2007/CBM 119}) 14. Qa6 bxc3 15.
exf6 Bxf6 $6 (15... cxb2 {is now a bit too late:} 16. fxe7 bxa1=Q 17. exd8=Q
Rfxd8 18. Bg5 Qb2 19. Bxd8 Rxd8 20. Qxa7 {with a healthy extra pawn for White.}
) (15... Nxf6 $5 {, played earlier in Spain, deserves attention. White, after
some inaccuracies, barely saved the game:} 16. bxc3 Rxc3 17. Ne5 (17. Qxa7 Be4
$132) 17... Qb6 18. Qxb6 axb6 19. Nxg6 hxg6 20. d5 Bc5 $1 21. dxe6 fxe6 $6 (
21... Ng4 $5 22. exf7+ Rxf7 $132) 22. Bh3 $6 (22. Be3 $5 $14) 22... Ng4 $1 23.
Re2 Rxf2 24. Rxf2 Nxf2 25. Bxe6+ Kf8 26. Kg2 Nd3 27. Bg5 Rc2+ 28. Kh3 Nf2+ 29.
Kh4 Re2 (29... Bd4 $5 30. Rf1 Bf6) 30. Bd5 Re5 31. Bf3 Rf5 32. Bg4 Re5 33. Bf3
Rf5 34. Bg4 Re5 35. Bf3 {1/2-1/2 Hernandez Carmenates,H-Cruz Lopez Claret,C/
Sabadell ESP 2007/The Week in Chess 668}) 16. bxc3 Rxc3 17. Qxa7 {And now, too,
White is a pawn up.} Nb8 {"Setting up pieces for the next game" is rarely good.
} (17... Rc7 $142 18. Qa3 ({to} 18. Qa6 Nb8 {is already appropriate}) 18... Be7
19. Qb3 Nf6 {aiming for centralization.}) 18. Ne5 $1 Bxe5 19. dxe5 Nc6 20. Qa4
Qc7 21. Be3 {Preparing the advance of the a-pawn.} (21. Bb2 Rc2 22. Ba3 Rc8 23.
Bd6 Qb6 {was unclear}) 21... Rc8 (21... Nxe5 22. Bf4 f6 23. Qa6 Qf7 24. Rac1
$16) 22. Qb5 {Losing time. White had several attractive options, e.g.} (22. f4
Bc2 23. Qa6 Rb8 24. Bf1 {or}) (22. Rac1 $5 Nxe5 23. Bf4 Rxc1 $140 24. Rxc1
Qxc1+ 25. Bxc1 Rxc1+ 26. Bf1) 22... Rb8 23. Qa6 Bd3 24. Qa4 Bc2 25. Qh4 Nb4 (
25... Nxe5 $142 26. Bf4 f6 27. a4 $16) 26. Qd4 Nd3 {Black apparently has a lot
of counterplay but White's extra (passed!) pawn and bishop pair eventually
brings him a victory:} 27. Re2 Bb1 28. h3 h5 29. a4 Rcb3 30. a5 R3b4 (30...
R8b4 31. Qd6 Qc3 32. Rxb1 Rxb1+ 33. Kh2 $18 {[%csl Ga5]}) 31. Qd6 Qc3 32. Ra4
Qxe5 33. Qxe5 Nxe5 34. Rxb4 Rxb4 35. a6 Be4 36. Bxe4 Rxe4 37. a7 Ra4 38. Rc2
Nf3+ 39. Kf1 1-0

[Event "Astrakhan FIDE GP"]
[Site "Astrakhan"]
[Date "2010.05.23"]
[Round "12"]
[White "Alekseev, Evgeny V"]
[Black "Inarkiev, Ernesto"]
[Result "1-0"]
[WhiteElo "2700"]
[BlackElo "2669"]
[Annotator "Krasenkow,M"]
[PlyCount "175"]
[EventDate "2010.05.10"]
[EventType "tourn"]
[EventRounds "13"]
[EventCountry "RUS"]
[EventCategory "20"]
[SourceTitle "CBM 137"]
[Source "ChessBase"]
[SourceDate "2010.07.15"]
[SourceVersion "1"]
[SourceVersionDate "2010.07.15"]
[SourceQuality "1"]

1. d4 d5 2. Nf3 Nf6 3. c4 c6 4. Qb3 dxc4 5. Qxc4 Bf5 6. g3 e6 7. Bg2 Be7 8. O-O
Nbd7 9. e3 {Quite a harmless continuation; however, according to recent
practice,} (9. Nc3 {and}) (9. Nbd2 {don't pose serious problems to Black.})
9... O-O 10. Rd1 Ne4 (10... h6 11. Qe2 Qc7 (11... Re8 12. Nc3 Ne4 13. Nd2 Nxd2
14. Bxd2 {1/2 Borges Mateos,J (2482)-Minzer,C (2414)/Madrid 2007/CBM 118 ext})
12. Nc3 Ne4 13. Ne1 (13. Nd2 Nxc3 14. bxc3 c5 15. e4 Bh7 16. Nc4 cxd4 17. cxd4
Rac8 18. Ne3 Nf6 19. f3 Rfd8 20. Bb2 Qa5 21. a4 $14 {1-0 Sosonko,G (2535)
-Sellos,D (2410)/Cannes 1995/CBM 046 ext (40)}) 13... Ndf6 14. f3 Nxc3 15. bxc3
e5 16. e4 Be6 17. Be3 c5 18. dxe5 Qxe5 19. Nd3 Qc7 20. Nf4 $14 {1/2 Quinn,M 
(2346)-Cifuentes Parada,R (2557)/Benasque 1999/EXT 2001 (63)}) (10... Qc7 11.
Nc3 {11...b5 is not possible now!} Ne4 (11... e5 12. h3 Rad8 13. Qe2 Ne4 $2 14.
Nxe4 Bxe4 15. Nxe5 Bxg2 16. Nxd7 Rxd7 17. Kxg2 $16 {1/2 Hellsten,J (2592)
-Valenzuela Fuentealba,L (2415)/Santiago de Chile 2006/CBM 115 ext (54)}) 12.
Nd2 (12. Ne1 Ndf6 13. f3 Nxc3 14. bxc3 e5 15. e4 Be6 16. Qe2 Qa5 17. Bb2 Rad8
$132 {1-0 Kovalyov,A (2557)-Hansen,E (2398)/Calgary 2009/CBM 130 Extra (46)})
12... Nxc3 13. Qxc3 Rac8 (13... e5 14. d5 $14) 14. e4 Bg4 15. f3 Bh5 16. Nc4
$14 {1-0 Markus,R (2572)-Stamenkovic,D (2412)/Subotica 2008/CBM 126 Extra (65)}
) (10... Qb6 11. Nc3 (11. Qe2 Qb5 $5 12. Qxb5 cxb5 13. Ne1 Be4 14. Nc3 Bxg2 15.
Kxg2 b4 16. Ne2 Rac8 17. Bd2 a5 $11 {0-1 Wojtkiewicz,A (2568)-Qureshi,A/FIDE.
com 2001/EXT 2003 (57)}) 11... Ne4 12. Qe2 (12. Ne1 Nxc3 13. bxc3 e5 14. e4 Bg4
15. Nf3 Qa5 16. h3 Be6 17. Qd3 f5 $5 $132 {1/2 Simic,R (2485)-Adamski,J (2460)/
Smederevska Palanka 1984/MCD (32)}) 12... Rfd8 13. Nd2 Nxd2 (13... Nxc3 14.
bxc3 Bc2 15. Re1 Bg6 16. e4 e5 17. Nc4 $14 {1/2 Balog,I (2423)-Reiss,T (2403)/
Hungary 2009/EXT 2010 (41)}) 14. Bxd2 Bc2 15. Rdc1 Bg6 16. Be1 Rac8 17. Rd1 Nf6
18. Bf3 Qc7 19. a3 e5 $11 {0-1 Dreev,A (2680)-Gurevich,M (2694)/Frankfurt 2000/
CBM 076 ext (56)}) (10... Rc8 {looks the most solid:} 11. Qe2 (11. Nc3 $6 b5 $1
(11... Ne4 12. Nd2 Nxd2 13. Rxd2 Qa5 14. e4 Bg6 15. Rd1 b5 16. Qe2 b4 17. Nb1
c5 18. Nd2 cxd4 19. Nb3 Qb6 20. Nxd4 Ne5 21. Be3 Bc5 22. Rac1 Rfd8 23. Rc2 Rb8
24. Rcd2 h5 25. h3 Rbc8 26. b3 Kh7 27. Kh2 Rd7 28. Nc2 Rxd2 29. Rxd2 {1-0
Dlugy,M (2531)-Wojtkiewicz,A (2568)/Liepaja 2001/CBM 085}) 12. Qe2 b4 13. Nb1 (
13. Na4 $6 Qa5 14. b3 Qb5 $1 15. Bf1 Qxe2 (15... Bg4 $1 $17) 16. Bxe2 Nb6 17.
Nc5 Ne4 18. Nxe4 Bxe4 19. Bd2 a5 20. Rac1 c5 $11 {1/2 Ogloblin,N (2447)
-Neelotpal,D (2448)/Alushta 2004/CBM 102 ext (43)}) 13... c5 14. Nbd2 Bc2 15.
Re1 Bg6 16. Nc4 Bh5 17. Qf1 Bxf3 18. Bxf3 cxd4 19. exd4 Nd5 $11 {1/2 Turova,I 
(2381)-Zhukova,N (2448)/Istanbul 2003/CBM 094 ext (34)}) 11... Qa5 (11... Qc7
12. Nc3 Ne4 13. Bd2 Nxc3 14. Bxc3 Be4 15. Rac1 $14 {1/2 Dlugy,M (2531)
-Labollita,M (2392)/ICC INT 2002/EXT 2003 (56)}) (11... h6 12. Bd2 Bc2 13. Rc1
Bh7 14. Be1 c5 $11 {1-0 Drazic,S (2493)-Pikula,D (2494)/Vrnjacka Banja 2007/
CBM 121 Extra (76)}) (11... Bg6 12. Nc3 b5 13. a3 a5 14. Bd2 Qb6 15. Be1 h6 16.
b3 b4 $132 {1/2 Laznicka,V (2637)-Alsina Leal,D (2523)/Pamplona ESP 2009/The
Week in Chess 790 (47)}) 12. Bd2 Qb6 13. Be1 Rfd8 14. Nc3 Ne4 15. Rac1 Nxc3 16.
Bxc3 Be4 $11 {1/2 Konopka,M (2450)-Manik,M (2490)/Slovakia 2003/EXT 2005 (31)})
11. Qe2 (11. Nc3 Nxc3 12. bxc3 Be4 13. Qe2 b5 14. Ne1 Bxg2 15. Nxg2 Qa5 16. Bd2
Qa4 17. e4 c5 $132 {1/2 Franco Ocampos,Z (2520)-Filgueira,H (2376)/Buenos
Aires 2003/CBM 097 (41)}) (11. Nbd2 Nd6 (11... Qa5 $5) 12. Qe2 Bc2 13. Re1 Bg6
14. b3 a5 15. a3 c5 16. Bb2 {1-0 Hellsten,J (2570)-Sagit,R (2265)/Gothenburg
2006/CBM 113 ext (49)} Qb6 $11) 11... Qc7 $146 {Quite a senseful novelty.} (
11... b5 $6 12. Nfd2 Ndf6 13. Nxe4 Bxe4 14. f3 Bg6 15. e4 Qb6 16. Be3 c5 17.
Nc3 cxd4 18. Bxd4 Bc5 19. Bxc5 Qxc5+ 20. Qf2 $14 {[%csl Rg6] 1-0 Ovetchkin,R 
(2536)-Panarin,M (2495)/playchess.com INT 2005/EXT 2008 (50)}) (11... Qa5 12.
Nbd2 Rfd8 13. Nh4 $1 Bxh4 14. Nxe4 Be7 15. Nc3 Nf6 16. Bd2 (16. e4 $5) 16...
Qb6 17. Be1 Bg6 18. Rac1 Qc7 19. f3 $14 {1-0 Hellsten,J (2511)-Sebag,M (2432)/
Malmo 2003/CBM 097/[Huzman] (55)}) (11... Qb6 12. Nbd2 Nxd2 (12... Rfd8 13. Nh4
Bxh4 14. Nxe4 Be7 15. Nc3 Bg6 16. e4 e5 17. Be3 $14 {0-1 Boros,D (2472)-Gupta,
A (2551)/Gaziantep 2008/CBM 125 Extra (32)}) 13. Nxd2 (13. Bxd2 $6 Qxb2 14. e4
Bg4 15. Rab1 Qxa2 16. Rxb7 Rfd8) 13... Bc2 14. Re1 Bg6 15. Nc4 Qa6 16. Bd2 Rfd8
17. Bc3 Rac8 18. a3 Nf6 19. b4 Ne4 20. Bb2 Nd6 21. Ne5 Qxe2 22. Rxe2 Be4 23. f3
Bd5 $11 {0-1 Laznicka,V (2617)-Andriasian,Z (2585)/Benasque 2009/CBM 131 Extra
(78)}) (11... Rc8 $5 12. Nbd2 (12. Ne1 Qb6 13. Nd3 c5 $1) 12... Nxd2 (12... Bg6
13. Ne5 Nxe5 14. Nxe4 Nd7 15. Bd2 Qb6 16. b4 $1 $14 {1/2 Cramling,P (2521)
-Atalik,E (2377)/Biel 2006/CBM 113 ext (32)}) 13. Nxd2 Bc2 $5 14. Re1 Bg6 {
[%cal Ye6e5]} 15. e4 c5 $132 {A.Huzman}) 12. Ne1 e5 (12... c5 $5 13. Nc3 Ndf6 {
was probably a simpler way to equalise.}) 13. Nd3 Rad8 $6 (13... Bg6 {was more
accurate. Black clearly underestimated White's reply.}) 14. g4 $1 Bg6 15. f4 $1
{[%mdl 64] A bolt from the blue! Black can't avoid material losses.} exf4 (
15... f5 $142 16. Bxe4 fxe4 17. Nxe5 Nxe5 18. dxe5 Rd3 {Still, Black does not
have sufficient compensation for the pawn due to the permanent f4-f5 threat.})
16. exf4 Ndf6 17. f5 Rxd4 18. Be3 $1 Nxg4 $6 {An attempt to create a mess, in
which White can lose his way.} (18... Bd6 19. Bf3 Ra4 20. fxg6 fxg6 21. Nd2 $16
{- White keeps an extra piece in a relatively quiet position.}) 19. Qxg4 Nf2
20. Qxd4 Nxd1 21. fxg6 Bf6 22. Qe4 (22. gxh7+ $142 Kh8 23. Qb4 $1 Rd8 24. Bf4
$18) 22... Rd8 23. Na3 (23. Bf4 Qb6+ 24. Kh1 Nxb2) 23... Nxe3 24. Re1 Bd4 25.
Rxe3 hxg6 26. Nc2 Bb6 27. Kh1 Bxe3 28. Qxe3 Qd7 29. Nce1 {White still have
technical problems but 3 pieces are definitely stronger than a rook and 3
pawns. White makes progress quite slowly but Black doesn't get real chances to
survive.} b6 30. b3 Re8 31. Qf2 c5 32. Bf3 Qd6 33. Kg2 Qe6 34. Qd2 c4 35. bxc4
Qxc4 36. Nf2 Qe6 37. Ned3 Rd8 38. Qc2 Qe3 39. Qc4 Rd6 40. Qc8+ Kh7 41. Qc7 Qg5+
42. Kf1 Qf6 43. Be4 a6 44. Qc2 Qh4 45. Kg1 Qg5+ 46. Kh1 b5 47. Qe2 Qf6 48. Ne5
$1 Re6 49. Nf3 Kg8 50. Kg2 Qf4 51. Qc2 Qd6 52. h4 Kf8 53. Ng5 Re7 54. Qc8+ Re8
55. Qb7 Re7 56. Qa8+ Re8 57. Nh7+ Ke7 58. Qa7+ Qd7 59. Qxa6 Rh8 60. Qa3+ Kd8
61. Qa8+ Qc8 62. Qd5+ Qd7 63. Ng5 Qxd5 64. Bxd5 {[%mdl 4096]} Rxh4 65. Nxf7+
Kc7 66. Bb3 Kb6 67. Kg3 Rd4 68. Ne5 g5 69. Kf3 Rh4 70. Ke3 Ka5 71. Nc6+ Kb6 72.
Ne7 Kc5 73. Nd5 Kc6 74. Ne4 Rh3+ 75. Kd4 g4 76. Nf4 Rf3 77. Nd3 Kb6 78. Ne5 Rf4
79. Ke3 g5 80. Bd1 Ka5 81. Bxg4 Rxg4 82. Nxg4 Kb4 {Black hopes to eliminate
White's last pawn but fails due to a nice mating trap.} 83. Ne5 g4 (83... Ka3
84. Nc3 b4 85. Nc4# $1) 84. Nd3+ Ka3 85. Nc3 g3 86. Kf3 b4 87. Nxb4 Kxb4 88.
Nb1 1-0

[Event "Moscow Aeroflot op-A"]
[Site "Moscow"]
[Date "2007.02.17"]
[Round "4"]
[White "Alekseev, Evgeny V"]
[Black "Najer, Evgeniy"]
[Result "1-0"]
[WhiteElo "2661"]
[BlackElo "2605"]
[Annotator "Krasenkow,M"]
[PlyCount "159"]
[EventDate "2007.02.14"]
[EventType "swiss"]
[EventRounds "9"]
[EventCountry "RUS"]
[SourceTitle "CBM 117"]
[Source "ChessBase"]
[SourceDate "2007.03.30"]
[SourceVersion "1"]
[SourceVersionDate "2007.03.30"]
[SourceQuality "1"]

1. Nf3 d5 2. d4 Nf6 3. c4 c6 4. Qb3 dxc4 5. Qxc4 Bf5 6. Nc3 Nbd7 7. g3 e6 8.
Bg2 Be7 9. O-O O-O 10. Re1 Ne4 11. Qb3 Qb6 12. Nh4 Bb4 {This line was examined
in CBM 94, annotations by GM A.Huzman to the game M.Grabarczyk-Krivoshey} 13.
g4 {A relatively new sharp move. However, in the resulting position, with 3
pawns for a piece and White's poorly protected king, Black has no problems.} (
13. Bxe4 Bxe4 14. Bd2 Bxc3 15. Qxc3 h6 16. f3 Bh7 17. Be3 Nf6 18. Bf2 Nd5 19.
Qd2 Qb4 20. Red1 Rfd8 21. Ng2 a5 22. Rac1 {1/2-1/2 Landa,K-Vallejo Pons,F/
Germany 2003/CBM 099}) (13. Nxf5 exf5 14. Bxe4 fxe4 15. Rd1 Bxc3 16. bxc3 Qa6
$11 {A.Huzman} 17. c4 Nb6 18. Ba3 Rfd8 19. Rac1 Rd7 {etc.}) 13... Nxf2 $8 14.
Nxf5 exf5 15. Kxf2 Qxd4+ 16. Kf1 (16. Be3 Qxg4 17. h3 Qh4+ 18. Kg1 Rae8 19. Bf2
Bc5 20. Rf1 Re6 $44 {0-1 Solozhenkin,E-Kanep,M/Finland 2005/EXT 2007 (38)})
16... Bc5 $146 {An intermediate move to avoid the exchange of this bishop
although} (16... Qxg4 17. h3 Qh4 18. Bg5 Qxg5 19. Qxb4 {is not dangerous for
Black:} Ne5 20. Rad1 Rae8 21. e3 Ng6 22. Qxb7 Nh4 23. Qxc6 Re6 24. Qd5 Rd6 25.
Qb7 Rb6 26. Qd5 Rd6 27. Qb7 Rb6 28. Qd5 Rd6 {1/2-1/2 Landa,K-Gustafsson,J/
Germany 2004/EXT 2005}) 17. e3 Qxg4 18. h3 Qh4 19. Qc2 (19. Qxb7 Ne5 $44 {->})
19... g6 20. Na4 Bb4 21. Rd1 Rad8 22. a3 Be7 23. Rd4 Qh6 (23... Qg5 $5) 24. Bd2
Bf6 25. Rd6 Bg5 26. Re1 Ne5 27. Rxd8 Rxd8 28. Re2 (28. b4 $142 b5 $140 29. Nb2)
28... Qh4 $6 (28... b5 $142 29. Nc3 Nc4 30. Nd1 Qf8 $1 {with an excellent
position for Black} ({or even} 30... Bxe3 $5 31. Bxe3 Rxd1+ 32. Qxd1 Nxe3+ 33.
Rxe3 Qxe3)) 29. Be1 Qh6 30. Bg3 {So, White has just improved the position of
his bishop.} Re8 (30... Bf6 31. Nc5 b6 32. Na6 c5 33. Nc7 {[%cal Yc7d5]}) (
30... Nd7 $5 {was an interesting (although ugly) option.}) 31. Qc5 $1 b6 ({
After} 31... f4 32. exf4 Bxf4 33. Bf2 {White's bishop pair becomes much more
formidable.}) 32. Qc3 Bf6 (32... f4 33. exf4 Bxf4 34. Bf2 Rd8 35. Bd4 Qh5 36.
b4 $14) 33. Bxe5 Rxe5 34. Qxc6 {White has won a pawn at the price of
exchanging his strong bishop.} Re6 35. Qf3 Re4 (35... Bg5 $5 36. Nc3 Bxe3) 36.
Nc3 Bxc3 37. bxc3 Qf8 38. Qg3 Rc4 $6 {This inaccurate move allows White to
activate his pieces.} ({After} 38... Re8 39. e4 Qxa3 40. exf5 Qc1+ {Black
should safely reach the draw.}) 39. Qe5 $1 Qxa3 40. Rd2 $1 Rc8 41. Rd7 Rf8 42.
h4 $1 {[%cal Yh4h5,Yh5h6]} Qa1+ 43. Kf2 Qa2+ 44. Kg1 (44. Kg3 $5 Qe2 45. Bf3
Qe1+ 46. Kg2 Qxh4 47. Bd5 $1) 44... Qe2 45. Rxa7 Qe1+ 46. Bf1 Qxh4 {It is
still difficult for White to get real winning chances but he tries...} 47. Rc7
Qg4+ 48. Kf2 Qh4+ 49. Qg3 Qd8 50. Be2 Re8 51. Rc4 Qe7 52. Rc6 Qd8 53. Rd6 Qc8
54. c4 Re6 55. Rd5 Kg7 $2 {[%mdl 8192] Hop! A blunder!} (55... Re8 $142 {
although White's initiative is already very strong.}) 56. Rxf5 Rxe3 57. Rxf7+
Kxf7 58. Qxe3 {and after a long fight White brought home his material
advantage:} Qc7 59. Ke1 Qd6 60. Qh6 Qb4+ 61. Kf1 Qb1+ 62. Kf2 Qf5+ 63. Ke3 Qe5+
64. Kf3 Kg8 65. Qf4 Qc5 {Alas, Black loses after the exchange of queens and
eventually he can't avoid that.} 66. Qf6 Qa3+ 67. Ke4 Qb4 68. Bd3 Qa5 69. Qe5
Qb4 70. Qf6 Qa5 71. Qe6+ Kf8 72. Qd6+ Kf7 73. Qd5+ Kf6 74. Qxa5 bxa5 75. Kd5 a4
76. c5 a3 77. Bc4 g5 78. Kd6 g4 79. c6 g3 80. c7 1-0

[Event "Tata Steel-A 74th"]
[Site "Wijk aan Zee"]
[Date "2012.01.14"]
[Round "1"]
[White "Gelfand, Boris"]
[Black "Giri, Anish"]
[Result "0-1"]
[WhiteElo "2739"]
[BlackElo "2714"]
[Annotator "Krasenkow,M"]
[PlyCount "140"]
[EventDate "2012.01.14"]
[EventType "tourn"]
[EventRounds "13"]
[EventCountry "NED"]
[EventCategory "21"]
[SourceTitle "CBM 147"]
[Source "ChessBase"]
[SourceDate "2012.03.16"]
[SourceVersion "1"]
[SourceVersionDate "2012.03.16"]
[SourceQuality "1"]

1. Nf3 d5 2. d4 Nf6 3. c4 c6 4. Qb3 dxc4 5. Qxc4 Bg4 6. Nc3 Nbd7 7. Bf4 {
Rather harmless.} (7. e4 {is the main theoretical line.}) 7... Nb6 (7... e6 8.
e4 Bxf3 9. gxf3 Nb6 10. Qd3 Nh5 11. Bg3 Bd6 $11 {1/2 Mamedyarov,S (2733)-Le
Quang Liem (2714)/Beijing CHN 2011/The Week in Chess 894 (35)}) (7... Bxf3 8.
gxf3 g6 9. Rd1 Bg7 10. e4 O-O 11. Qb3 Nh5 12. Be3 Qc7 13. e5 Kh8 14. Ne4 f6
$132 {0-1 Gonzales,J (2435)-Kazhgaleyev,M (2619)/Manila 2010/CBM 138 Extra (17)
}) 8. Qd3 Bxf3 9. gxf3 Nfd5 10. Be5 $6 {This move leads to material or
positional losses.} (10. Nxd5 Nxd5 11. Bd2 $11) 10... f6 (10... Nb4 $5 {
may be more accurate. If} 11. Qe4 {then anyway} f6) 11. Bg3 (11. Nxd5 $5 Qxd5
12. Bc7 (12. Bg3 Rd8) 12... e6 13. Bh3 Bd6 14. Bxd6 Qxd6 15. O-O-O $11) 11...
Nb4 12. Qb1 Qxd4 13. Bh3 e5 14. O-O Be7 15. Rd1 Qc4 16. e3 (16. a3 Na6 17. Bf5
g6 18. Bd3 Qe6 19. Bxa6 bxa6 {doesn't solve White's problems.}) 16... Qf7 {
Black has kept a healthy extra pawn.} 17. f4 exf4 18. Bxf4 O-O 19. a3 N4d5 20.
Nxd5 Nxd5 21. Bg3 f5 22. e4 fxe4 23. Qxe4 Nf6 24. Qe5 Kh8 25. Re1 (25. Be6 Qg6
26. Bf5 Qh5 $1 27. Qxe7 Qxf5 28. Qxb7 Ne4 $36 {[%csl Rg1]} 29. Qxc6 $140 $2
Rac8 30. Qd5 Nxg3 31. fxg3 Qf2+ 32. Kh1 Rc2 $19) 25... Bd8 26. Be6 Qg6 27. Qf5
Qxf5 28. Bxf5 Nd5 29. Be4 Bf6 30. Re2 Nb6 31. Rc1 Rfe8 32. f3 a5 33. b4 $6 {
White unnecessarily yields the a-file to Black.} (33. Kf1 {was more stubborn.})
33... axb4 34. axb4 Nd5 35. Be1 Nf4 $6 (35... Nc7 $142 {stopping b4-b5.}) 36.
Rec2 Nh3+ 37. Kg2 Ng5 38. Re2 (38. b5 Nxe4 39. bxc6 $1 (39. fxe4 $143 cxb5) {
was White's last chance to put Black's victory in doubt:} 39... Nd6 (39... bxc6
40. fxe4 Rxe4 41. Rxc6) (39... Bg5 $5 40. cxb7 Rab8 41. Rd1 Nf6 42. Rc7) 40.
Bb4 Be5 41. Bxd6 Bxd6 42. cxb7 Rab8 43. Rd1 Be7 44. Rd7 {keeping drawing
chances in all cases.}) 38... Nxe4 39. fxe4 Rad8 40. b5 cxb5 41. Rb1 Rd5 42.
Bg3 (42. exd5 Rxe2+ 43. Kf3 Re5) 42... Rc5 43. Bd6 Rg5+ 44. Kf3 Re6 45. Bf4 Rc5
46. e5 g5 47. exf6 Rxf6 48. Re7 Rxf4+ 49. Kg2 Rg4+ 50. Kf3 Rh4 51. Rd1 Rc8 52.
Kg3 b6 53. Rb7 Rb4 54. Rxb6 Rc7 55. h4 gxh4+ 56. Kh3 Kg7 57. Rd3 Kf7 58. Re3
Kg7 59. Rf3 Rf7 60. Rd3 Rf6 61. Rb8 Rc6 62. Rf3 Kh6 63. Rb7 Kg6 64. Rb8 Rc5 65.
Rg8+ Kh5 66. Rg7 h6 67. Rg1 Rd4 68. Kh2 b4 69. Rg8 Rc2+ 70. Kh3 Rc3 0-1